000 00324nam a2200133Ia 4500
008 150201s2003 xx 000 0 und d
082 _a616.5
_bR03M
100 _aMARKS,R
245 _aROXBURGH'S COMMON SKIN DISEASES
250 _a17TH
260 _bJAYPEE BROTHERS
_aDELHI
_c2003
650 _aDERMATOLOGY
942 _2ddc
_cBK
999 _c1021
_d1021